Games people play : China (Record no. 30397)

MARC details
000 -LEADER
fixed length control field 00443nam a2200181Ia 4500
020 ## - INTERNATIONAL STANDARD BOOK NUMBER
ISBN 9780516203089
050 ## - CALL MARK
Classification number GV 121 .D73/
100 ## - STATEMENT OF RESPONSIBILITY--MAIN AUTHOR NAME
Personal name Dramer, Kim
245 #0 - TITLE STATEMENT
Title Games people play : China
260 ## - PUBLICATION, DISTRIBUTION, ETC. (IMPRINT)
Place of publication USA
260 ## - PUBLICATION, DISTRIBUTION, ETC. (IMPRINT)
Name of publisher Children’s Press
260 ## - PUBLICATION, DISTRIBUTION, ETC. (IMPRINT)
Year of publication 1997
300 ## - PHYSICAL DESCRIPTION
Number of Pages 64 p
650 ## - SUBJECT ADDED ENTRY--TOPICAL TERM
Topical Term Recreation-China-History-Juvenile literature
942 ## - ADDED ENTRY ELEMENTS (KOHA)
Koha item type Books
Holdings
Withdrawn status Lost status Source of classification or shelving scheme Damaged status Not for loan Permanent Location Current Location Date acquired Accession Number Price effective from Koha item type
    Library of Congress Classification     NILE UNIVERSITY OF NIGERIA - MAIN LIBRARY NILE UNIVERSITY OF NIGERIA - MAIN LIBRARY 04/23/2025 0011850 04/23/2025 Books